Pays où la température a déjà été sous les -45 degrés - Statistiques

Statistiques générales
  • Ce quiz a été pris 309 fois
  • Le résultat moyen est 11 sur 16
Statistiques - réponses
Température (°C) Pays % Correct
-62,8 Canada
99%
-67,8 Russie
99%
-51,4 Norvège
97%
-52,6 Suède
96%
-62,1 Etats-Unis
95%
-52,3 Chine
88%
-56 Mongolie
88%
-66,1 Danemark (Groenland)
87%
-51,6 Kazakhstan
79%
-51,6 Tadjikistan
66%
-53,6 Kirghizistan
62%
-45,9 Allemagne
54%
-52,2 Afghanistan
48%
-45,6 Turquie
34%
-47 Italie
28%
-49,1 Slovénie
20%
Aucun quiz correspondant
Distribution des résultats
% des personnes avec chaque résultat
Percentile par nombre de réponses
Votre historique - résultats
Vous n’avez pas pris ce quiz